[Event "11. OSEM SH"]
[Site "Büsum"]
[Date "2017.09.08"]
[Round "1.1"]
[White "Ackermann, Hans Werner"]
[Black "Klügel, Jan"]
[Result "1-0"]
[BlackElo "1884"]
[BlackTeam "SV Rendsburg"]
[WhiteElo "2295"]
[WhiteTeam "SC Hansa Dortmund"]

1. Nf3 d5 2. b3 Nf6 3. Bb2 Bf5 4. g3 c6 5. Bg2 e6 6. O-O h6 7. d3 Bd6 8. Nbd2
O-O 9. Re1 Bg4 10. c4 Nbd7 11. Qc2 Re8 12. a3 a5 13. d4 Rc8 14. c5 Bc7 15. b4
Bf5 16. Qb3 e5 17. dxe5 Nxe5 18. Nd4 Bg6 19. Rad1 Qe7 20. h3 Bd8 21. Bc3 Ned7
22. Qb2 b6 23. cxb6 Nxb6 24. N4b3 Na4 25. Qa1 Nxc3 26. Qxc3 axb4 27. axb4 Bb6
28. Rc1 Be4 29. Nxe4 Nxe4 30. Bxe4 Qxe4 31. e3 Qf5 32. Kg2 Re6 33. Nd4 Bxd4 34.
exd4 Rce8 35. Rxe6 Qxe6 36. Qxc6 Qe4+ 37. Kg1 Re6 38. Qc3 h5 39. h4 Rg6 40. b5
Qxh4 41. b6 Qf4 42. b7 h4 43. Qc8+ Kh7 44. b8=Q Rxg3+ 45. fxg3 Qe3+ 46. Kg2 
1-0

[Event "11. OSEM SH"]
[Site "Büsum"]
[Date "2017.09.08"]
[Round "1.2"]
[White "Nickel, Jürgen"]
[Black "Oechslein, Rainer"]
[Result "0-1"]
[BlackElo "2294"]
[BlackTeam "SK Schweinfurt"]
[WhiteElo "1882"]
[WhiteTeam "Flensburger SK"]

1. d4 d6 2. e3 g6 3. f4 Bg7 4. Nf3 Nd7 5. c3 Ngf6 6. Bd3 O-O 7. O-O Re8 8. e4 e5
9. fxe5 dxe5 10. d5 Nh5 11. c4 Nc5 12. Nc3 a5 13. Be3 Bf8 14. b3 Bd7 15. Bc2 b6
16. Kh1 Qe7 17. Qe1 Bg7 18. Rd1 Nb7 19. Qf2 Nf6 20. h3 Rad8 21. Nh2 Nh5 22. g4
Nf4 23. Bxf4 exf4 24. Ne2 g5 25. Ng1 Nd6 26. Rfe1 Bc3 27. Re2 f6 28. Qf3 Bb4
29. Qd3 Nf7 30. Ngf3 Ne5 31. Nxe5 fxe5 32. Qf3 Kg7 33. Nf1 Rh8 34. Nd2 h5 35.
gxh5 Qf7 36. Rg1 Rxh5 37. Rh2 Rdh8 38. h4 Bxd2 39. Rxg5+ Rxg5 40. hxg5 Rxh2+
41. Kxh2 Qg6  0-1

[Event "11. OSEM SH"]
[Site "Büsum"]
[Date "2017.09.08"]
[Round "1.3"]
[White "Schumacher, Gottfried"]
[Black "Scholz, Herbert, Dr."]
[Result "1-0"]
[BlackElo "1873"]
[BlackTeam "PSV Neustadt"]
[WhiteElo "2273"]
[WhiteTeam "HTC Bad Neuenahr"]

1. Nf3 d5 2. g3 c6 3. Bg2 Bf5 4. b3 Nf6 5. Bb2 e6 6. d3 Bd6 7. O-O O-O 8. c4
Nbd7 9. Re1 Rc8 10. e4 dxe4 11. dxe4 Nxe4 12. Rxe4 Bxe4 13. Qxd6 Nf6 14. Qd2
Qd3 15. Qxd3 Bxd3 16. Nc3 Rfd8 17. Ne5 Bf5 18. Bc1 h6 19. Be3 Ra8 20. h3 Nd7
21. Nf3 f6 22. Nd4 Kf7 23. Nxf5 exf5 24. Na4 g5 25. Kf1 Ne5 26. Ke2 Ng6 27. Nc5
Rab8 28. Nd3 Re8 29. Kf1 Rbd8 30. Nc5 Re7 31. Na4 b5 32. Nc3 Rd3 33. Rc1 f4 34.
gxf4 gxf4 35. Bc5 f3 36. Bxf3 Rxf3 37. Bxe7 Kxe7 38. cxb5 Nf4 39. Re1+ Kd8 40.
Re3 Rxh3 41. Rxh3 Nxh3 42. bxc6 Nf4 43. b4 a6 44. a4 Kc7 45. b5 axb5 46. axb5
Kb6 47. f3 f5 48. Kf2 Nd3+ 49. Ke3 Nb4 50. Kf4 Nxc6 51. bxc6 Kxc6 52. Kxf5  1-0

[Event "11. OSEM SH"]
[Site "Büsum"]
[Date "2017.09.08"]
[Round "1.4"]
[White "Blosze, Winfried"]
[Black "Baum, Bernd, Dr."]
[Result "0-1"]
[BlackElo "2268"]
[BlackTeam "SC Fulda"]
[WhiteElo "1871"]
[WhiteTeam "SV Großauheim"]

1. e4 c5 2. d4 cxd4 3. c3 dxc3 4. Nxc3 Nc6 5. Bc4 e6 6. Nf3 a6 7. O-O Nge7 8.
Qe2 Ng6 9. Rd1 d6 10. Bg5 Qa5 11. a3 Nce5 12. Nxe5 Qxe5 13. Be3 Be7 14. Bd4 Qg5
15. Be3 Qa5 16. b4 Qd8 17. a4 O-O 18. a5 Bd7 19. Bb6 Qb8 20. Rac1 Rc8 21. Bb3
Bc6 22. Qe3 Nf8 23. Qh3 Bd8 24. Be3 b6 25. axb6 Bxb6 26. Bxb6 Qxb6 27. Bc2 Qxb4
28. Qe3 Be8 29. Ne2 Rc7 30. Bd3 Rxc1 31. Rxc1 a5 32. h4 a4 33. h5 h6 34. Rc4
Qe1+ 35. Kh2 Qa5 36. g4 a3  0-1

[Event "11. OSEM SH"]
[Site "Büsum"]
[Date "2017.09.08"]
[Round "1.5"]
[White "Bartsch, Berthold"]
[Black "Hadlich, Winfried"]
[Result "1-0"]
[BlackElo "1869"]
[BlackTeam "SV Holstein Quickborn"]
[WhiteElo "2259"]
[WhiteTeam "SC Forchheim"]

1. Nc3 d5 2. e4 d4 3. Nce2 e5 4. d3 c5 5. f4 Bd6 6. fxe5 Bxe5 7. Nf3 Nc6 8. g3
Bg4 9. Bg2 Qc7 10. O-O f6 11. Nf4 Nge7 12. h3 Bd7 13. Nd5 Qc8 14. Nxe7 Kxe7 15.
Nxe5 Nxe5 16. Kh2 h5 17. Bf4 h4 18. g4 Ng6 19. Qd2 Nxf4 20. Qxf4 Qb8 21. e5 Kd8
22. exf6  1-0

[Event "11. OSEM SH"]
[Site "Büsum"]
[Date "2017.09.08"]
[Round "1.6"]
[White "Duijker, Bert"]
[Black "Hess, Christian Mathias"]
[Result "0-1"]
[BlackElo "2238"]
[BlackTeam "FC ST.Pauli"]
[WhiteElo "1868"]
[WhiteTeam "ASV Arnhem"]

1. Nf3 d5 2. d4 Nf6 3. c4 dxc4 4. g3 Nc6 5. Bg2 e5 6. dxe5 Qxd1+ 7. Kxd1 Ng4 8.
Rf1 Bc5 9. e3 Be6 10. a4 O-O-O+ 11. Ke2 Bf5 12. Nc3 Bd3+ 13. Ke1 Bxf1 14. Bxf1
Ncxe5 15. Ng5 Bb4 16. Bd2 h6 17. Nge4 f5 18. Bh3 Rhf8 19. Ke2 Kb8 20. f4 Nd3 
0-1

[Event "11. OSEM SH"]
[Site "Büsum"]
[Date "2017.09.08"]
[Round "1.7"]
[White "Van den Berg, Ad"]
[Black "Klüver, Horst"]
[Result "1-0"]
[BlackElo "1867"]
[BlackTeam "Itzehoer SV"]
[WhiteElo "2237"]
[WhiteTeam "Aas Alsmeer"]

1. e4 e5 2. Nf3 Nc6 3. Bc4 Nf6 4. d3 h6 5. O-O d6 6. c3 Bd7 7. Bb3 a6 8. a4 Be7
9. Re1 O-O 10. Nbd2 Bg4 11. h3 Bh5 12. Nf1 Nh7 13. Ng3 Bg6 14. Kh2 Kh8 15. d4
Bg5 16. Bd5 Qf6 17. Be3 Rab8 18. Nxg5 Nxg5 19. Qd2 Ne7 20. Bxg5 Qxg5 21. Qxg5
hxg5 22. Bc4 Ng8 23. dxe5 dxe5 24. Red1 Nf6 25. f3 Rbd8 26. a5 c6 27. Nf1 Nh5
28. Ne3 Nf4 29. g3 Ne6 30. Bxe6 fxe6 31. Kg2 Bh5 32. Rxd8 Rxd8 33. Rd1 Rxd1 34.
Nxd1 Kg8 35. Ne3 Kf7 36. Nc4 Ke7 37. Kf2 Be8 38. Ke3 c5 39. Nxe5 Bb5 40. c4 Be8
41. b3 Kd6 42. Nd3 e5 43. f4 gxf4+ 44. gxf4 exf4+ 45. Kxf4 Bg6 46. h4 Bh5 47.
e5+ Kc6 48. Nf2 Bg6 49. Ne4 Bh5 50. e6 Bd1 51. Ke5 Bf3 52. Nd6 Bh5 53. Nf5 Bd1
54. Nxg7 Bxb3 55. e7  1-0

[Event "11. OSEM SH"]
[Site "Büsum"]
[Date "2017.09.08"]
[Round "1.8"]
[White "Chmielewski, Axel"]
[Black "Postler, Reinhard"]
[Result "0-1"]
[BlackElo "2221"]
[BlackTeam "TSG Oberschöneweide"]
[WhiteElo "1860"]
[WhiteTeam "Volksdorfer SK"]

1. d4 Nf6 2. c4 c5 3. d5 e6 4. Nc3 exd5 5. cxd5 d6 6. e4 g6 7. Bb5+ Bd7 8. Bd3
Bg7 9. Nf3 O-O 10. O-O a6 11. a4 Bg4 12. Be2 Re8 13. h3 Bxf3 14. Bxf3 Nbd7 15.
g3 Rc8 16. Bf4 Ne5 17. Bg2 c4 18. Bxe5 Rxe5 19. Qc2 Nd7 20. Ne2 Re8 21. Ra3 Nc5
22. Nc1 b5 23. axb5 axb5 24. Re1 Qb6 25. Kh2 b4 26. Rae3 Bd4 27. R3e2 Qb5 28.
Qd2 Bg7 29. f3 c3 30. Qe3 cxb2 31. Nb3 Nxb3 32. Qxb3 Rc1  0-1

[Event "11. OSEM SH"]
[Site "Büsum"]
[Date "2017.09.08"]
[Round "1.9"]
[White "Köhler, Gerhard, Dr."]
[Black "Strohbusch, Frank, Dr."]
[Result "1-0"]
[BlackElo "1860"]
[BlackTeam "SK Freising"]
[WhiteElo "2192"]
[WhiteTeam "USV Halle"]

1. c4 f5 2. g3 Nf6 3. Bg2 g6 4. d4 Bg7 5. Nh3 O-O 6. Nc3 d6 7. d5 e5 8. dxe6
Bxe6 9. Bxb7 Nbd7 10. Bd5 Bxd5 11. cxd5 Rb8 12. O-O Nc5 13. Rb1 a5 14. Be3 Nfd7
15. Bd4 Qe7 16. b3 h6 17. Nf4 Qf7 18. Bxg7 Qxg7 19. Na4 g5 20. Ne6 Nxe6 21.
dxe6 Ne5 22. Qd5 Qe7 23. Rbd1 Rbd8 24. Qxa5 Qxe6 25. Qd5 Kf7 26. Qxe6+ Kxe6 27.
Rc1 c5 28. Kg2 f4 29. Rc3 g4 30. f3 gxf3+ 31. exf3 h5 32. Re1 Kf5 33. Re4 fxg3
34. hxg3 Nc6 35. Rh4 Kg5 36. Nxc5 Nd4 37. Rxd4 dxc5 38. Rxc5+ Kg6 39. Rxd8 Rxd8
40. Rc2  1-0

[Event "11. OSEM SH"]
[Site "Büsum"]
[Date "2017.09.08"]
[Round "1.10"]
[White "Wölfert, Jürgen"]
[Black "Strobel, Walter"]
[Result "0-1"]
[BlackElo "2189"]
[BlackTeam "SK Klingenberg"]
[WhiteElo "1860"]
[WhiteTeam "BSC Rehberge"]

1. c4 Nf6 2. Nf3 c6 3. Nc3 d5 4. cxd5 cxd5 5. d4 Nc6 6. e3 Bf5 7. Bd3 Bxd3 8.
Qxd3 e6 9. Bd2 Be7 10. Rc1 O-O 11. O-O Rc8 12. Rfe1 a6 13. a3 Na5 14. e4 Nb3
15. Rcd1 dxe4 16. Nxe4 Qd5 17. Nc3 Qc4 18. Be3 Rfd8 19. Qb1 Nd5 20. Ne4 Qc2 21.
Rd3 Qxb1 22. Rxb1 Na5 23. h3 b5 24. b4 Nc4 25. Nc5 Bf6 26. Nd2 Nxd2 27. Rxd2
Rc6 28. g4 h6 29. Kg2 Nb6 30. Ne4 Be7 31. g5 Nc4 32. Rd3 Nxe3+ 33. fxe3 hxg5
34. Rb2 f5 35. Ng3 Bf6 36. Rbd2 Rcd6 37. Nh5 Be7 38. Ng3 g6 39. Ne2 Rc8 40. Rc3
Rxc3 41. Nxc3 Bf6 42. Rd3 e5 43. a4 e4 44. Rd2 Kf7 45. axb5 axb5 46. Nxb5 Rb6
47. Nc7 Rxb4 48. d5 Rb2 49. Rxb2 Bxb2 50. Nb5 Ke7 51. Kf2 f4 52. Nc7 Bc1 53.
Ne6 Bxe3+ 54. Ke2 Kf6 55. Nd8 Bb6 56. Nc6 f3+  0-1

[Event "11. OSEM SH"]
[Site "Büsum"]
[Date "2017.09.08"]
[Round "1.11"]
[White "Hassenrück, Helmut"]
[Black "Alvarez, Luis"]
[Result "1-0"]
[BlackElo "1849"]
[BlackTeam "Zug um Zug Everswinkel"]
[WhiteElo "2167"]
[WhiteTeam "SG-Gladbeck"]

1. d4 d5 2. Nf3 Nf6 3. c4 e6 4. Nc3 c6 5. e3 Bd6 6. Bd3 dxc4 7. Bxc4 Nbd7 8. e4
Bb4 9. Qc2 h6 10. O-O  O-O  11. a3 Ba5 12. Rd1 b5 13. Ba2 a6 14. e5 Nd5
15. Ne4 Ne7 16. Be3 Bc7 17. Rac1 Bb7 18. Ng3 Re8 19. Bb1 Nf8 20. Qe4 Nd5 21.
Bd2 f5 22. exf6 Nxf6 23. Qe2 Bd6 24. Ne5 Rc8 25. Ne4 Nd5 26. Qf3 Bxe5 27. dxe5
Re7 28. Qg4 Kh8 29. Bb4 c5 30. Bxc5 Rec7 31. Bxf8 Qxf8 32. Rxc7 Rxc7 33. Nd6
Nf4 34. Nxb7 Rxb7 35. g3  1-0

[Event "11. OSEM SH"]
[Site "Büsum"]
[Date "2017.09.08"]
[Round "1.12"]
[White "Mewes, Hans-Dieter"]
[Black "Bade, Uwe"]
[Result "0-1"]
[BlackElo "2157"]
[BlackTeam "SC Friesen Lichtenberg"]
[WhiteElo "1845"]
[WhiteTeam "VHS Heide"]

1. c4 Nf6 2. g3 d5 3. cxd5 Qxd5 4. Nf3 e5 5. Bg2 Nc6 6. O-O  Bg4 7. h3 Bh5
8. Kh2 e4 9. Nc3 Qa5 10. Ne1 Nd4 11. f3 O-O-O 12. d3 Bb4 13. Bf4 Rhe8 14. g4
exf3 15. Bxf3 Bg6 16. a3 Bd6 17. Bxd6 Rxd6 18. Kg2 h5 19. Nc2 hxg4 20. hxg4
Nxf3 21. Rxf3 Nxg4 22. Qc1 Bh5 23. Ne3 Nxe3+ 24. Rxe3 Rg6+ 25. Kh2 Rh8  0-1

[Event "11. OSEM SH"]
[Site "Büsum"]
[Date "2017.09.08"]
[Round "1.13"]
[White "Rahls, Peter"]
[Black "Kienel, Norbert"]
[Result "1/2-1/2"]
[BlackElo "1837"]
[BlackTeam "SV Osnabrück"]
[WhiteElo "2151"]
[WhiteTeam "SK Zehlendorf"]

1. e4 c5 2. c3 d6 3. d4 cxd4 4. cxd4 Nf6 5. Nc3 a6 6. Bg5 $146 Nbd7 7. Nf3 h6 8.
Bf4 g5 9. Bg3 Bg7 10. Bc4 b5 11. Bxf7+ Kxf7 12. e5 Nh5 13. Nd2 Nxg3 14. fxg3
Bb7 15. O-O+ Nf6 16. exf6 Bxf6 17. Nde4 Kg7 18. Nxf6 exf6 19. d5 Re8 20. Qd4
Re5 21. Rae1 Rc8 22. Rxe5 fxe5 23. Qg4 Qe7 24. h4 Rf8 25. Rxf8 Kxf8 26. hxg5
hxg5 27. Qf5+ Kg7 28. a3 Qd8 29. g4 Bc8 30. Qf3 Bb7 31. Qd3 Qb6+ 32. Kh2 Qf2
33. Qf3 Qh4+ 34. Kg1 Qe1+ 35. Qf1 Qd2 36. Qf2 Qc1+ 37. Qf1 Qd2 38. Kh1 Bxd5 39.
Nxd5 Qd4 40. Qf5 Qd1+  1/2-1/2

[Event "11. OSEM SH"]
[Site "Büsum"]
[Date "2017.09.08"]
[Round "1.14"]
[White "Botvinnik, Alexey"]
[Black "Szenetra, Werner"]
[Result "0-1"]
[BlackElo "2148"]
[BlackTeam "SV Berenbostel"]
[WhiteElo "1836"]
[WhiteTeam "SG Porz"]

1. e4 d6 2. d4 g6 3. Nf3 Bg7 4. Be2 Nf6 5. Nc3 O-O 6. h3 a6 7. O-O b5 8. e5 Nfd7
9. exd6 cxd6 10. a4 b4 11. Nd5 a5 12. Bg5 f6 13. Bh4 Nb6 14. Nxb6 Qxb6 15. Bc4+
e6 16. Re1 d5 17. Bb5 Na6 18. c4 bxc3 19. bxc3 Nc7 20. Bd3 Ba6 21. Bg3 Rfe8 22.
Qd2 Rac8 23. Bxa6 Qxa6 24. Reb1 Qc6 25. Rb3 Qc4 26. Qb2 e5 27. Rb7 Ne6 28. Rb5
Qxc3 29. Qxc3 Rxc3 30. dxe5 Nc7 31. Rxa5 fxe5 32. Rd1 e4 33. Nd4 Rd3 34. Rc1
Bxd4 35. Bxc7 e3 36. fxe3 Bxe3+  0-1

[Event "11. OSEM SH"]
[Site "Büsum"]
[Date "2017.09.08"]
[Round "1.15"]
[White "Paus, Franz"]
[Black "Kolkwitz, Klaus"]
[Result "1/2-1/2"]
[BlackElo "1836"]
[BlackTeam "ESV Eberswalde"]
[WhiteElo "2145"]
[WhiteTeam "SC Bayer Uerdingen"]

1. d4 d6 2. c4 g6 3. e4 Bg7 4. f4 Nd7 5. Nf3 c6 6. Be2 e5 7. fxe5 dxe5 8. d5
cxd5 9. cxd5 Qb6 10. Nbd2 Bh6 11. a3 Bxd2+ 12. Nxd2 Ngf6 13. Nc4 Qd4 14. Qc2
O-O  15. Bf3 Nb6 16. Nxb6 axb6 17. Qe2 Bd7 18. Be3 Qa4 19. Bg5 Kg7 20. Qe3
Bb5 21. b3 Qa5+ 22. b4 Qa4 23. Bd1 Qa6 24. Bh6+ Kg8 25. Bxf8 Kxf8 26. a4 Bd3
27. Bb3 Bxe4 28. Rf1 Bf5 29. Rxf5 gxf5 30. Qh6+ Kg8 31. Qg5+ Kf8 32. Qxf6 Qd3
33. d6 Qc3+ 34. Ke2 Qb2+ 35. Kf3 Qxb3+ 36. Kf2 Qb2+ 37. Kg3 Qc3+ 38. Kf2 Qd4+ 
1/2-1/2

[Event "11. OSEM SH"]
[Site "Büsum"]
[Date "2017.09.08"]
[Round "1.16"]
[White "Langmann, Claus"]
[Black "Rüberg, Jobst"]
[Result "0-1"]
[BlackElo "2130"]
[BlackTeam "SV Ahlen"]
[WhiteElo "1834"]
[WhiteTeam "Hamburger SK"]

1. d4 Nf6 2. Nf3 e6 3. e3 c5 4. Bd3 Nc6 5. O-O  b6 6. b3 Bb7 7. Bb2 Be7 8.
Nbd2 Rc8 9. a3 O-O  10. Qe2 d6 11. e4 cxd4 12. Nxd4 Ne5 13. f4 Nxd3 14.
Qxd3 Nd7 15. c4 Bf6 16. Rab1 a6 17. f5 e5 18. N2f3 Nc5 19. Qe3 b5 20. cxb5 axb5
21. b4 Na4 22. Ba1 h6 23. Rbc1 Rxc1 24. Rxc1 Qd7 25. g4 Rc8 26. Nb3 Rxc1+ 27.
Nxc1 Qc6 28. g5 hxg5 29. Nxg5 Bxg5 30. Qxg5 Qxe4 31. Nd3 f6 32. Qg6 Qe3+  0-1

[Event "11. OSEM SH"]
[Site "Büsum"]
[Date "2017.09.08"]
[Round "1.17"]
[White "Gläser, Wilfried"]
[Black "Pantel, Heinrich"]
[Result "1-0"]
[BlackElo "1834"]
[BlackTeam "SK Kaltenkirchen"]
[WhiteElo "2129"]
[WhiteTeam "SK Anderten"]

1. Nf3 d5 2. g3 c5 3. Bg2 Nc6 4. d3 e5 5. O-O  Nf6 6. c4 d4 7. Na3 Bd6 8.
Bg5 h6 9. Bxf6 Qxf6 10. Nd2 Qe7 11. Nc2 O-O  12. e3 dxe3 13. Nxe3 Nd4 14.
Nd5 Qd8 15. Ne4 Be6 16. Nxd6 Qxd6 17. f4 exf4 18. Rxf4 Rab8 19. Qd2 b6 20. Raf1
f5 21. Re1 Kh8 22. Rf2 Bxd5 23. Bxd5 Rbe8 24. Kg2 Re5 25. Rxe5 Qxe5 26. b4 Qe7
27. bxc5 bxc5 28. h4 Rb8 29. Qf4 Rb1 30. Kh3 g5 31. Qd2 g4+ 32. Kh2 Kg7 33. Qf4
Re1 34. Qb8 Nf3+ 35. Bxf3 gxf3 36. Qf4 Qe3 37. Qxf3 Qxf3 38. Rxf3 Re2+ 39. Kh3
Kg6 40. g4 fxg4+ 41. Kxg4 h5+ 42. Kf4 Rxa2 43. Ke5 Rh2 44. Rf6+ Kg7 45. Rf4 Rh3
46. d4 cxd4 47. Kxd4 a5 48. c5 Rb3 49. c6 Rb1 50. Kc5 Rc1+ 51. Rc4 Rb1 52. c7 
1-0

[Event "11. OSEM SH"]
[Site "Büsum"]
[Date "2017.09.08"]
[Round "1.18"]
[White "Reichwald, Klaus"]
[Black "Knaak, Joachim"]
[Result "0-1"]
[BlackElo "2129"]
[BlackTeam "SV Dresden-Leuben"]
[WhiteElo "1834"]
[WhiteTeam "SC Lohhof"]

1. e4 c5 2. Nc3 d6 3. g3 Nf6 4. Bg2 Nc6 5. d3 e6 6. Nf3 Be7 7. O-O O-O 8. d4
cxd4 9. Nxd4 Bd7 10. Ndb5 Ne8 11. Be3 a6 12. Nd4 Rc8 13. f4 b5 14. f5 Ne5 15.
fxe6 fxe6 16. Rxf8+ Bxf8 17. Kh1 Nc4 18. Bc1 Nf6 19. b3 Ne5 20. Nce2 Neg4 21.
Qf1 e5 22. h3 exd4 23. hxg4 Nxg4 24. Nxd4 Qe8 25. Nf5 Qh5+ 26. Bh3 Rxc2  0-1

[Event "11. OSEM SH"]
[Site "Büsum"]
[Date "2017.09.08"]
[Round "1.19"]
[White "Lotzien, Hans"]
[Black "Jünger, Leonhard"]
[Result "1-0"]
[BlackElo "1833"]
[BlackTeam "Aachener SV"]
[WhiteElo "2126"]
[WhiteTeam "Godesberger SK"]

1. e4 d5 2. Nc3 dxe4 3. Nxe4 e5 4. Bc4 Be7 5. Qh5 Nh6 6. d3 O-O 7. Bxh6 gxh6 8.
Nf3 Nc6 9. Nxe5 Nxe5 10. Qxe5 Re8 11. Qh5 Rf8 12. Qxh6 Bf5 13. O-O Kh8 14. Qf4
Bg6 15. Rae1 Rg8 16. Bxf7 Qf8 17. Qe5+ Rg7 18. Bxg6 hxg6 19. Re3 Re8 20. Rf3 
1-0

[Event "11. OSEM SH"]
[Site "Büsum"]
[Date "2017.09.08"]
[Round "1.20"]
[White "Fritsch, Jürgen, Dr."]
[Black "Just, Fred"]
[Result "0-1"]
[BlackElo "2121"]
[BlackTeam "SV Werder Bremen"]
[WhiteElo "1831"]
[WhiteTeam "HSK LTu"]

1. e4 c6 2. d4 d5 3. Nc3 dxe4 4. Nxe4 Nd7 5. Nf3 Ngf6 6. Ng3 e6 7. Bd3 c5 8. c3
Be7 9. O-O  O-O  10. Qe2 b6 11. Be3 Bb7 12. Ne5 cxd4 13. Bxd4 Nxe5 14.
Bxe5 Qd5 15. f4 g6 16. Bxf6 Bxf6 17. Be4 Qc5+ 18. Kh1 Qc7 19. Rad1 Rfd8 20.
Bxb7 Qxb7 21. Qe4 Qxe4 22. Nxe4 Be7 23. g4 f5 24. gxf5 exf5 25. Ng5 Bxg5 26.
fxg5 Kf7 27. Kg2 Rac8 28. Kf3 Rxd1 29. Rxd1 Rc7 30. Rd4 Ke6 31. Rd8 Ke5 32.
Re8+ Kd5 33. Rd8+ Kc5 34. Rd4 Re7 35. Rh4 a6 36. a4 Rd7 37. b4+ Kc6 38. Ke3 b5
39. a5 Rf7 40. Kf3 Rc7 41. c4 bxc4 42. Rxc4+ Kd6 43. Rd4+ Ke5 44. Rh4 Rc3+ 45.
Kf2 Rb3 46. Rxh7 Kf4 47. Ra7 Rb2+ 48. Ke1 Kxg5 49. Rxa6 Rxb4 50. Rb6 Rh4 51.
Rb2 Ra4 52. Rg2+ Kh5 53. Rg3 Rxa5 54. Kf2 Ra2+ 55. Kg1 f4 56. Rh3+ Kg4 57. Rc3
g5  0-1

[Event "11. OSEM SH"]
[Site "Büsum"]
[Date "2017.09.08"]
[Round "1.21"]
[White "Andersen, Knut"]
[Black "Potschka, Dieter"]
[Result "1-0"]
[BlackElo "1829"]
[BlackTeam "VfL Geesthacht"]
[WhiteElo "2108"]
[WhiteTeam "SF Buer"]

1. d4 Nf6 2. Nf3 e6 3. Bf4 Be7 4. h3 d5 5. e3 c5 6. c3 Nc6 7. Nbd2 Bd7 8. Bd3 c4
9. Bc2 b5 10. O-O h6 11. Ne5 Nxe5 12. dxe5 Nh7 13. Qg4 g5 14. Bg3 Bf8 15. Nf3
Be7 16. Nd4 a5 17. Qh5 Nf8 18. f4 Qb6 19. fxg5 Bxg5 20. Qxf7+ Kd8 21. Bf4 Kc7
22. Bxg5 hxg5 23. Qg7 Ng6 24. Bxg6 g4 25. Bf7 Rad8 26. Bxe6 gxh3 27. Rf7  1-0

[Event "11. OSEM SH"]
[Site "Büsum"]
[Date "2017.09.08"]
[Round "1.22"]
[White "Welsch, Dieter Sen."]
[Black "Falk, Thomas"]
[Result "1/2-1/2"]
[BlackElo "2107"]
[BlackTeam "SV Oberursel"]
[WhiteElo "1823"]
[WhiteTeam "SC Cochem"]

1. e4 e5 2. Nf3 Nc6 3. Bc4 Bc5 4. c3 Nf6 5. d4 exd4 6. e5 d5 7. Bb5 Ne4 8. cxd4
Bb4+ 9. Nbd2 O-O 10. O-O Nxd2 11. Bxd2 Bxd2 12. Qxd2 Ne7 13. Rac1 Bf5 14. Nh4
c6 15. Ba4 Qd7 16. Nxf5 Nxf5 17. Bc2 Rae8 18. Qd3 g6 19. f4 h5 20. Qh3 Kg7 21.
Bxf5 Qxf5 22. Qxf5 gxf5 23. Rf3  1/2-1/2

[Event "11. OSEM SH"]
[Site "Büsum"]
[Date "2017.09.08"]
[Round "1.23"]
[White "Zunker, Reinhard, Dr."]
[Black "Wulf, Adalbert"]
[Result "1-0"]
[BlackElo "1823"]
[BlackTeam "SV Ennigerloh-Oelde"]
[WhiteElo "2103"]
[WhiteTeam "SV Hofheim"]

1. e4 d6 2. d4 Nf6 3. Nc3 g6 4. f3 Bg7 5. Be3 a6 6. Qd2 h6 7. O-O-O Nbd7 8. g4
c6 9. h4 Qa5 10. Kb1 b5 11. Nh3 Bb7 12. Nf2 O-O-O 13. h5 g5 14. Nd5 Qxd2 15.
Nxe7+ Kc7 16. Rxd2 Nb6 17. Nf5 Bf8 18. b3 Rh7 19. Bd3 Bc8 20. Ng3 Rh8 21. Rhd1
Bg7 22. Be2 Rde8 23. Rd3 Be6 24. f4 gxf4 25. Bxf4 Nh7 26. Nf5 Bxf5 27. gxf5 Nf6
28. Bf3 Nfd7 29. Ng4 f6 30. Nf2 Reg8 31. Rg1 Bf8 32. Rg6  1-0

[Event "11. OSEM SH"]
[Site "Büsum"]
[Date "2017.09.08"]
[Round "1.24"]
[White "Krneta, Slavko"]
[Black "Schulz, Wolfgang"]
[Result "0-1"]
[BlackElo "2101"]
[BlackTeam "Hamburger SK"]
[WhiteElo "1810"]
[WhiteTeam "FG Wohlde"]

1. e4 e5 2. Nf3 Nc6 3. Bc4 Nf6 4. d3 h6 5. c3 d6 6. O-O g6 7. Re1 Bg7 8. Nbd2
O-O 9. Nf1 a6 10. Bb3 Kh7 11. Ng3 Qe7 12. d4 Bg4 13. Bc2 Rae8 14. Be3 Bc8 15.
Qd2 Ng4 16. h3 Nxe3 17. fxe3 h5 18. Qf2 Nd8 19. Rad1 Ne6 20. Bb1 Ng5 21. Kh2
Nxf3+ 22. gxf3 Qh4 23. Qg2 Bh6 24. Nh1 f5 25. Rg1 Rg8 26. Qg3 Qxg3+ 27. Nxg3
Bxe3 28. exf5 Bxg1+ 29. Rxg1 gxf5 30. Nxf5 Rxg1 31. Kxg1 Kh8  0-1

[Event "11. OSEM SH"]
[Site "Büsum"]
[Date "2017.09.08"]
[Round "1.25"]
[White "Gehrmann, Rudolf-Rainer"]
[Black "Auterhoff, Jürgen, Dr."]
[Result "1-0"]
[BlackElo "1815"]
[BlackTeam "SC Pasing"]
[WhiteElo "2096"]
[WhiteTeam "SV Eutin"]

1. c4 Nf6 2. Nc3 e5 3. g3 Nc6 4. Bg2 Bc5 5. Nf3 O-O  6. O-O  a6 7. a3 d6
8. b4 Ba7 9. Bb2 Nd4 10. e3 Nxf3+ 11. Bxf3 c6 12. Ne2 Bf5 13. d3 Be6 14. Rc1
Qe7 15. Qc2 Nd7 16. b5 Rac8 17. bxa6 bxa6 18. Rfd1 Bf5 19. Qc3 Qf6 20. Bg2 Bg4
21. Re1 h6 22. d4 exd4 23. Nxd4 Ne5 24. f4 Bxd4 25. exd4 Ng6 26. Qc2 d5 27. Qa4
Rb8 28. Ba1 Ne7 29. Qxa6 Ra8 30. Qb7 Ra6 31. Qxe7 Qxe7 32. Rxe7 dxc4 33. Bxc6
Rc8 34. Re8+ Rxe8 35. Bxe8 Bf5 36. Bc3 Kf8 37. Bc6 Ke7 38. Bb4+  1-0

[Event "11. OSEM SH"]
[Site "Büsum"]
[Date "2017.09.08"]
[Round "1.26"]
[White "Bade, Heidrun"]
[Black "Neumann, Joachim"]
[Result "0-1"]
[BlackElo "2093"]
[BlackTeam "SC Agon Neumünster"]
[WhiteElo "1815"]
[WhiteTeam "USV Potsdam"]

1. e4 c5 2. Nf3 Nc6 3. d4 cxd4 4. Nxd4 Nf6 5. Nc3 e5 6. Nb3 Bb4 7. Bg5 h6 8.
Bxf6 Qxf6 9. Qd3 O-O 10. Be2 d5 11. O-O Bxc3 12. bxc3 dxe4 13. Qe3 Qf4 14. Bc4
Bf5 15. Rfe1 Rfd8 16. Nc5 Qxe3 17. Rxe3 Na5 18. Bb3 Rac8 19. Nxe4 Bxe4 20. Rxe4
Rxc3 21. Rxe5 Nxb3 22. cxb3 Rd2 23. Ree1 Rcc2 24. Rf1 Rxa2 25. Rxa2 Rxa2 26.
Rb1 Kf8 27. g3 f5 28. Kg2 Ke7 29. Kf3 a5 30. h4 Kf6 31. Ke3 b5 32. Rc1 Ra3 33.
Rc3 Kf7 34. Rc7+ Kg6 35. Rc6+ Kh7 36. Kd4 Rxb3  0-1

[Event "11. OSEM SH"]
[Site "Büsum"]
[Date "2017.09.08"]
[Round "1.27"]
[White "Biller, Helmut, Dr."]
[Black "Merettig, Georg"]
[Result "1-0"]
[BlackElo "1814"]
[BlackTeam "SV Caissa Wolfenbüttel"]
[WhiteElo "2084"]
[WhiteTeam "SF Frankfurt"]

1. d4 Nc6 2. Nf3 e6 3. c4 Nf6 4. Nc3 Ne7 5. e4 h6 6. e5 Nh7 7. Bd3 d5 8. O-O
dxc4 9. Bxc4 Nf5 10. d5 Bd7 11. Qb3 Qc8 12. dxe6 fxe6 13. g4 Ne7 14. Nd4 Nc6
15. Nxc6 bxc6 16. Be3 Ng5 17. f4 Nh3+ 18. Kg2 h5 19. g5 Rb8 20. Qc2 Qb7 21.
Kxh3 Qxb2 22. Rfc1 Rb4 23. Qxb2 Rxb2 24. Rab1 Ba3 25. Rxb2 Bxb2 26. Rb1  1-0

[Event "11. OSEM SH"]
[Site "Büsum"]
[Date "2017.09.08"]
[Round "1.28"]
[White "Harke, Horst"]
[Black "Mertens, Klaus"]
[Result "0-1"]
[BlackElo "2084"]
[BlackTeam "FC Bierstadt"]
[WhiteElo "1810"]
[WhiteTeam "SK Varel"]

1. d4 Nf6 2. c4 e6 3. Nc3 Bb4 4. e3 b6 5. Ne2 Bb7 6. a3 Bd6 7. Nb5 Be7 8. Ng3
O-O 9. f3 d5 10. Nc3 c5 11. cxd5 Nxd5 12. e4 cxd4 13. Nxd5 exd5 14. Qxd4 Bf6
15. Qd1 dxe4 16. Qxd8 Rxd8 17. fxe4 Nd7 18. Be2 Nc5 19. O-O Nxe4 20. Nxe4 Bxe4
21. Bf3 Bxf3 22. Rxf3 Rd1+ 23. Kf2 Rc8  0-1

[Event "11. OSEM SH"]
[Site "Büsum"]
[Date "2017.09.08"]
[Round "1.29"]
[White "Achenbach, Manfred"]
[Black "Neumann, Horst"]
[Result "1-0"]
[BlackElo "1809"]
[BlackTeam "SG Güls/Niederfell"]
[WhiteElo "2083"]
[WhiteTeam "SC Mülheim"]

1. Nf3 d5 2. c4 c6 3. g3 Nf6 4. Bg2 g6 5. b3 Bg7 6. Bb2 O-O  7. O-O  Bf5
8. d3 Re8 9. Nbd2 Nbd7 10. Nd4 e5 11. Nxf5 gxf5 12. e3 e4 13. d4 Ng4 14. h3 Nh6
15. Rc1 Nc5 16. dxc5 Bxb2 17. Rc2 Bg7 18. cxd5 cxd5 19. Qh5 Re6 20. Rd1 Qf6 21.
b4 Rd8 22. Nb3 Re5 23. Qe2 Ree8 24. Rcd2 Qc3 25. Qb5 Re7 26. Rc1 Qf6 27. Nd4 a6
28. Qa4 f4 29. gxf4 Nf5 30. Nxf5 Qxf5 31. Qa5 Qc8 32. Rcd1 Qc7 33. Qxc7 Rxc7
34. Rxd5 Rxd5 35. Rxd5 Bc3 36. a3 Bb2 37. a4 Bc3 38. b5 axb5 39. axb5 Bb4 40.
Bxe4 Bxc5 41. Kg2 h6 42. Kf3 Kg7 43. Rh5 b6 44. Bc6 Re7 45. Rd5 Ra7 46. Rd2 Re7
47. h4 Ra7 48. h5 Re7 49. Kg4 Ra7 50. Kf5 Re7 51. e4 Ra7 52. f3 Be3 53. Re2 Ra3
54. e5 Bc5 55. Rd2 Ra7 56. Kg4 Be3 57. Rd3 Bc1 58. f5 Ra4+ 59. Kg3 Bg5 60. f6+
Bxf6  1-0